| 000 | 00837cam a2200241 i 4500 | ||
|---|---|---|---|
| 005 | 20160206161938.0 | ||
| 008 | 031210s1996 -ukabo r 001 0 eng d | ||
| 015 | _aNNN | ||
| 020 | _a0952730200 | ||
| 040 |
_aCO-BoPUJ _cCO-BoIAVH |
||
| 041 | 0 | _aeng | |
| 043 | _as-ck--- | ||
| 082 | 0 | 4 |
_a570.152 _bR34f |
| 100 | 1 |
_aReichel-Dolmatoff, Gerardo _d1912-1994 |
|
| 245 | 1 | 4 |
_aThe forest within : _bthe world-view of the tukano amazonian indians / _cGerardo Reichel-Dolmatoff. |
| 260 |
_aLondon : _bThemis, _c1996. |
||
| 300 |
_a229 páginas : _bilustraciones, fotos y mapas ; _c23 cm. |
||
| 504 | _aIncluye referencias bibliográficas (211-221) e índice. | ||
| 650 | 1 | 4 |
_aEcología _zAmazonas (colombia) |
| 650 | 2 | 4 |
_aTukanos _xVida social y costumbres |
| 650 | 2 | 4 | _aIndígenas de colombia |
| 942 |
_2ddc _cLIBRO |
||
| 999 |
_c2278 _d2278 |
||